Most Loved Foods of 2025 - Statistics

General Stats
  • This quiz has been taken 26 times
  • The average score is 3 of 8
Answer Stats
Hint Answer % Correct
Italy Pizza
92%
Mexico Tacos
84%
Japan Ramen
52%
Spain Paella
48%
France Croissant
32%
India Butter Chicken
12%
China Dim Sum
12%
Korea Korean BBQ
4%
No matching quizzes found
Score Distribution
Percent of People with Each Score
Percentile by Number Answered
Your Score History
You have not taken this quiz